| 000 | 00644nam a2200193Ia 4500 | ||
|---|---|---|---|
| 003 | GCL | ||
| 008 | 140319s9999 xx 000 0 ara d | ||
| 040 |
_aGCL / _cGCL |
||
| 082 | 0 | 4 |
_a347.02 _bع ت |
| 100 | 1 | _aعبدالناصر توفيق العطار | |
| 245 | 1 | 0 |
_aتعدد الزوجات فى الشريعة الاسلامية / _cعبدالناصر توفيق العطار |
| 260 |
_a[S.N] : _bمؤسسة البستانى للطباعة ، _c1988 |
||
| 300 | _a192 ص | ||
| 490 | _a | ||
| 650 | 0 | 4 | _aالقانون |
| 650 | 0 | 4 | _aالاحوال الشخصية للمسلمين |
| 650 | 0 | 4 | _aتعدد الزوجات |
| 942 |
_2ddc _cBK |
||
| 999 |
_c54252 _d54252 |
||